Outside Living: (Record no. 587640)

000 -LEADER
fixed length control field 00457nam a22001337a 4500
020 ## - INTERNATIONAL STANDARD BOOK NUMBER
International Standard Book Number 9780789329189
040 ## - CATALOGING SOURCE
Transcribing agency NUST
082 ## - DEWEY DECIMAL CLASSIFICATION NUMBER
Classification number 728.93 ZAM
100 ## - MAIN ENTRY--PERSONAL NAME
Personal name Zamora Mola, Francesc
9 (RLIN) 88489
245 ## - TITLE STATEMENT
Title Outside Living:
Remainder of title Terraces, Balconies, Roof Decks, Courtyards, Pocket Gardens, and other Small Outdoor Spaces
260 ## - PUBLICATION, DISTRIBUTION, ETC.
Place of publication, distribution, etc. New York:
Name of publisher, distributor, etc. Universe Publishing,
Date of publication, distribution, etc. 2015.
650 ## - SUBJECT ADDED ENTRY--TOPICAL TERM
Topical term or geographic name entry element Outdoor living spaces -- Design and construction.
9 (RLIN) 88490
942 ## - ADDED ENTRY ELEMENTS (KOHA)
Source of classification or shelving scheme
Koha item type Book
Holdings
Withdrawn status Lost status Source of classification or shelving scheme Damaged status Not for loan Permanent Location Current Location Shelving location Date acquired Total Checkouts Full call number Barcode Date last seen Price effective from Koha item type
          College of Electrical & Mechanical Engineering (CEME) College of Electrical & Mechanical Engineering (CEME) General Stacks 01/18/2022   728.93 ZAM CEME-50557 01/18/2022 01/18/2022 Book
© 2023 Central Library, National University of Sciences and Technology. All Rights Reserved.